| 000 | 00842aam a2200325 4500 | ||
|---|---|---|---|
| 005 | 20250613140519.0 | ||
| 008 | 150630b2006 xxu||||| |||| 00| 0 spa d | ||
| 020 | _a9682477621 | ||
| 041 | _aESP | ||
| 082 | _a614.18 L925e | ||
| 100 |
_aLozano y Andrade, Óscar _913044 |
||
| 245 | _aEstomatología forense | ||
| 260 | _aMéxico | ||
| 260 | _bTrillas | ||
| 260 | _c2006 | ||
| 300 | _a200 páginas | ||
| 300 | _bIlustraciones a color | ||
| 490 | _aInvestigación Criminal | ||
| 650 | _aODONTOLOGÍA FORENSE | ||
| 650 | _aMEDICINA LEGAL | ||
| 650 | _aIDENTIFICACIÓN FORENSE | ||
| 650 | _aESTOMOLOGÍA FORENSE | ||
| 650 | _aPERITAJE | ||
| 650 | _aODONTOLOGÍA PREHISPÁNICA | ||
| 650 | _aAUTOPSIA ORAL | ||
| 650 | _aDESGASTE DENTARIO | ||
| 650 | _aRUGOSCOPIA | ||
| 650 | _aRECONSTRUCCIÓN FACIAL | ||
| 942 |
_cBK _2ddc |
||
| 999 |
_c3182 _d3182 |
||